<?xml version="1.0" encoding="UTF-8"?>
<collection xmlns="http://www.loc.gov/MARC21/slim">
 <record>
  <leader>01018nam a22002655a 4500</leader>
  <controlfield tag="001">EUN.eunm008677</controlfield>
  <controlfield tag="008">170405s1969####ag############000#0#und#d</controlfield>
  <controlfield tag="005">20210930144741.0</controlfield>
  <datafield tag="245" ind1="1" ind2="0">
   <subfield code="a">La sirena varada ;</subfield>
   <subfield code="b">Las tres perfectas casadas ; Entremés del mancebo que casó con mujer brava /</subfield>
   <subfield code="c">Alejandro Casona.</subfield>
  </datafield>
  <datafield tag="250" ind1=" " ind2=" ">
   <subfield code="a">7a. ed.</subfield>
  </datafield>
  <datafield tag="260" ind1=" " ind2=" ">
   <subfield code="a">Buenos Aires :</subfield>
   <subfield code="b">Losada,</subfield>
   <subfield code="c">1969.</subfield>
  </datafield>
  <datafield tag="300" ind1=" " ind2=" ">
   <subfield code="a">149 p. ;</subfield>
   <subfield code="c">18 cm.</subfield>
  </datafield>
  <datafield tag="490" ind1="1" ind2=" ">
   <subfield code="a">Biblioteca clásica y contemporánea ;</subfield>
   <subfield code="v">73</subfield>
  </datafield>
  <datafield tag="500" ind1=" " ind2=" ">
   <subfield code="a">Reimpreso en 1969 (como 6a. ed.).</subfield>
  </datafield>
  <datafield tag="100" ind1="1" ind2=" ">
   <subfield code="a">Casona, Alejandro,</subfield>
   <subfield code="d">1903-1965.</subfield>
  </datafield>
  <datafield tag="740" ind1="4" ind2="2">
   <subfield code="a">Las tres perfectas casadas</subfield>
  </datafield>
  <datafield tag="740" ind1="0" ind2="2">
   <subfield code="a">Entremés del mancebo que casó con mujer brava</subfield>
  </datafield>
  <datafield tag="830" ind1=" " ind2="0">
   <subfield code="a">Biblioteca clásica y contemporánea ;</subfield>
   <subfield code="v">73</subfield>
  </datafield>
  <datafield tag="082" ind1="0" ind2="4">
   <subfield code="a">862</subfield>
   <subfield code="2">15</subfield>
  </datafield>
  <datafield tag="650" ind1=" " ind2="7">
   <subfield code="a">Literatura.</subfield>
   <subfield code="2">unbist</subfield>
  </datafield>
  <datafield tag="650" ind1=" " ind2="7">
   <subfield code="a">Siglo XX.</subfield>
   <subfield code="2">unbist</subfield>
  </datafield>
  <datafield tag="651" ind1=" " ind2="7">
   <subfield code="a">España.</subfield>
   <subfield code="2">unbist</subfield>
  </datafield>
  <datafield tag="650" ind1=" " ind2="7">
   <subfield code="a">Teatro.</subfield>
   <subfield code="2">unbist</subfield>
  </datafield>
  <datafield tag="859" ind1=" " ind2=" ">
   <subfield code="a">AR-BaUNS</subfield>
   <subfield code="b">BIB. CENTRAL - Sector A - Huber</subfield>
   <subfield code="h">862</subfield>
   <subfield code="i">C27</subfield>
   <subfield code="p">128156/021</subfield>
   <subfield code="t">Ej.2</subfield>
   <subfield code="v">H. 268</subfield>
  </datafield>
  <datafield tag="859" ind1=" " ind2=" ">
   <subfield code="a">AR-BaUNS</subfield>
   <subfield code="b">BIB. CENTRAL - Sector C</subfield>
   <subfield code="h">862</subfield>
   <subfield code="i">C27</subfield>
   <subfield code="p">1875/959</subfield>
  </datafield>
 </record>
</collection>
